• 首页
  • 本馆介绍
  • 公告通知
  • 最新文献
  • 馆藏检索
  • 电子资源
  • 读者导购
  • 参考咨询
  • 我的图书馆
  • 登录
  • 详细信息显示
  • 放入我的书架
  • 预约/预借图书
  • 作者相关作品
  • 分类相关作品
  • 丛书相关作品
  • 出版社相关作品

书目信息

  • 表格格式
  • 工作单格式
  • 卡片格式
题名:
习近平关于全面依法治国论述摘编
    
 
作者: ;中共中央文献研究室 编
分册:  
出版信息: 北京   中央文献出版社  2015
页数: 128页
开本: 26cm
丛书名:
单 册:
中图分类: D2-0 , D920.0
科图分类:
主题词: 社会主义法制--建设--中国--学习参考资料
电子资源:
ISBN: 978-7-5073-4300-7
000 00936nam0 2200253 45
001 012001002797
005 20140926114740.0
010    @a978-7-5073-4300-7@dCNY25.00
100    @a20150712d2015 em y0chiy50 ea
101 0  @achi
102    @aCN@b110000
105    @ay z 000yy
106    @ar
200 1  @a习近平关于全面依法治国论述摘编@9xi jin ping guan yu quan mian yi fa zhi guo lun shu zhai bian@f中共中央文献研究室编
210    @a北京@c中央文献出版社@d2015
215    @a128页@d26cm
330    @a本书内容摘自习近平同志2012年12月4日至2015年2月2日期间的讲话、报告、批示、指示等三十多篇重要文献,分八个专题,共计193段论述。
606 0  @a社会主义法制@x建设@y中国@j学习参考资料
610    @a习近平@f(1953- )@x讲话@j学习参考资料
690    @aD2-0@v5
690    @aD920.0@v5
711 02 @a中共中央文献研究室@9zhong gong zhong yang wen xian yan jiu shi@4编
801  0 @aCN@b上海新华@c20180901
905    @b1161521-5@dD2-0@e211@f5
    
    习近平关于全面依法治国论述摘编/中共中央文献研究室编.-北京:中央文献出版社,2015
    128页;26cm
    
    
    ISBN 978-7-5073-4300-7:CNY25.00
    本书内容摘自习近平同志2012年12月4日至2015年2月2日期间的讲话、报告、批示、指示等三十多篇重要文献,分八个专题,共计193段论述。
●
相关链接 在E读中查询图书 在五车中查询图书 在当当中查询图书 在豆瓣中查询图书


正题名:习近平关于全面依法治国论述摘编     索取号:D2-0/211         预约/预借

序号 登录号 条形码 馆藏地/架位号 状态 备注
1 1161521   211615215   第一样本阅览室/ [索取号:D2-0/211] 在馆    
2 1161522   211615224   密集书库-史法系/ [索取号:D2-0/211] 在馆    
3 1161523   211615233   第一借阅区/ [索取号:D2-0/211] 在馆    
4 1161524   211615242   第一借阅区/ [索取号:D2-0/211] 在馆    
5 1161525   211615251   中国特色社会主义理论体系唐师研究基地/ [索取号:D2-0/211] 在馆    
唐山师范学院图书馆 欢迎您!
大连网信软件有限公司© 版权所有